The book is dead (long live the book) / (Record no. 57776)

MARC details
000 -LEADER
fixed length control field 00640nam a22002177a 4500
001 - CONTROL NUMBER
control field 57776
005 - DATE AND TIME OF LATEST TRANSACTION
control field 20260421100008.0
008 - FIXED-LENGTH DATA ELEMENTS--GENERAL INFORMATION
fixed length control field 260309s2007 aus||||| |||| 00| 0 eng d
020 ## - INTERNATIONAL STANDARD BOOK NUMBER
ISBN 9780868408040
040 ## - CATALOGING SOURCE
Original cataloging agency BD-DhIUB
Transcribing agency BD-DhIUB
Modifying agency BD-DhIUB
082 ## - DEWEY DECIMAL CLASSIFICATION NUMBER
Edition number 22
Classification number 002
Item number Y679b
100 ## - MAIN ENTRY--PERSONAL NAME
Personal name Young, Sherman
9 (RLIN) 7150
245 ## - TITLE STATEMENT
Title The book is dead (long live the book) /
Statement of responsibility, etc Sherman Young
260 ## - PUBLICATION, DISTRIBUTION, ETC. (IMPRINT)
Place of publication, distribution, etc Sydney :
Name of publisher, distributor, etc Univesity of new south wales,
Date of publication, distribution, etc 2007
300 ## - PHYSICAL DESCRIPTION
Extent vi, 189p. :
Dimensions 24 cm.
526 ## - STUDY PROGRAM INFORMATION NOTE
School name Library
Shelving Location General Stacks
650 #0 - SUBJECT ADDED ENTRY--TOPICAL TERM
Topical term or geographic name as entry element Books
9 (RLIN) 7151
650 #0 - SUBJECT ADDED ENTRY--TOPICAL TERM
Topical term or geographic name as entry element Publishers and publishing
9 (RLIN) 7152
650 #0 - SUBJECT ADDED ENTRY--TOPICAL TERM
Topical term or geographic name as entry element Book industries and trade
9 (RLIN) 7153
942 ## - ADDED ENTRY ELEMENTS (KOHA)
Source of classification or shelving scheme Dewey Decimal Classification
Koha item type Books
Holdings
Withdrawn status Lost status Source of classification or shelving scheme Damaged status Not for loan Home library Current library Shelving location Date acquired Source of acquisition Serial Enumeration / chronology Total Checkouts Full call number Barcode Date last seen Copy number Price effective from Koha item type
    Dewey Decimal Classification     Library, Independent University, Bangladesh (IUB) Library, Independent University, Bangladesh (IUB) General Stacks 09/03/2026 Gift / Donation 2007   002 Y679b G000685 21/04/2026 01 21/04/2026 Books